MARC

LEADER 00000nam0a2200000 4500
001 145994
005 20231101221208.0
035 |a (RuTPU)RU\TPU\book\158247 
090 |a 145994 
100 |a 20081024d1959 k y0rusy50 ca 
101 0 |a rus 
102 |a RU 
105 |a a z 001zy 
200 1 |a Растворы  |e сборник статей  |f Д. И. Менделеев 
210 |a Москва  |c Изд-во АН СССР  |d 1959 
215 |a 1163 с.  |c ил. 
320 |a Библиогр.: с. 1137-1138. 
610 1 |a растворы 
610 1 |a химия 
610 1 |a газ 
610 1 |a твердые тела 
610 1 |a жидкость 
610 1 |a поваренная соль 
610 1 |a серная кислота 
610 1 |a спирты 
610 1 |a щелочи 
610 1 |a минеральные кислоты 
610 1 |a органические соединения 
675 |a 544.35  |v 3 
700 1 |a Менделеев  |b Д. И.  |c учёный-энциклопедист, химик, педагог  |c член-корреспондент Петербургской АН  |f 1834-1907  |g Дмитрий Иванович  |2 stltpush  |3 (RuTPU)RU\TPU\pers\1367  |9 609 
801 1 |a RU  |b 63413507  |c 20081024  |g PSBO 
801 2 |a RU  |b 63413507  |c 20210601  |g PSBO 
942 |c BK